History Quiz

Random History or Famous Quiz

Famous Political Philosophers Quiz Stats

 Plays Quiz Updated Mar 15, 2014

     
Support Sporcle.
Go Orange.
Score 0/12 Timer 03:00
0 Plays Today
Famous Works Philosopher % Correct
The Communist Manifesto, CapitalKarl Marx
93.2%
The Prince, Discourses on LivyNiccolo Machiavelli
83.5%
Two Treatises of Government, An Essay Concerning Human UnderstandingJohn Locke
70%
Leviathan, BehemothThomas Hobbes
67.2%
The Social Contract, EmileJean-Jacques Rousseau
62%
Beyond Good and Evil, The AntichristFriedrich Nietzsche
53.5%
The Rights of Man, The Age of ReasonThomas Paine
43%
On Liberty, The Subjection of WomenJohn Stuart Mill
39.7%
Reflections on the Revolution in France, Thoughts on the Cause of the Present DiscontentsEdmund Burke
26.7%
An Introduction to the Principles of Morals and Legislation, Greatest Happiness PrincipleJeremy Bentham
26.5%
The Protestant Ethic and the Spirit of Capitalism, Politics as a VocationMax Weber
23.3%
The Prison Notebooks, Theory of HegemonyAntonio Gramsci
13.2%

From the Vault

Obscure Knowledge - US Presidents

by PenguinsMeercats

History 2m
Knowing what other people don't know will help you out.
Remove Ads.
Support Sporcle.
Get the best of Sporcle when you Go Orange. This ad-free experience offers more features, more stats, and more fun while also helping to support Sporcle. Thank you for becoming a member.

Show Comments

Extras

Top Quizzes Today


Score Distribution

Your Account Isn't Verified!

In order to create a playlist on Sporcle, you need to verify the email address you used during registration. Go to your Sporcle Settings to finish the process.

Report this User

Report this user for behavior that violates our Community Guidelines.

Details: